Współczesne kraje które były chociaż w części panowane przez Polskę - Statystyki

Ogólne statystyki
  • Ten quiz został rozwiązany 135 razy
  • Średni wynik to 6 z 7
Statystyki odpowiedzi
Hint Odpowiedź % Poprawnych
współczesna granica z PL rosja
99%
współczesna granica z PL ukraina
96%
współczesna granica z PL białoruś
94%
współczesna granica z PL słowacja
89%
brak granicy z PL łotwa
87%
brak granicy z PL estonia
83%
brak granicy z PL mołdawia
69%
Nie znaleziono quizów pasujących do podanych kryteriów
Rozkład punktacji
Procent ludzi z każdym wynikiem
Percentyl według liczby udzielonych odpowiedzi
Twoja historia wyników
Nie rozwiązałeś tego quizu